000 01057nam a2200217 i 4500
001 170641
003 ES-MaACL
005 20230906214425.0
008 090325s1930 ag |||| | spa d
080 _a821.134.2 (82)-3"18"
100 1 _aMitre, Bartolomé.
_981705
245 1 0 _aMemorias de un botón de rosa /
_cpor Bartolomé Mitre ; [noticia de Narciso Binayán].
260 _aBuenos Aires :
_b[s. n.],
_c1930 (
_fImp. de la Universidad)
300 _a3 h., p. 388-405 ;
_c23 cm.
490 1 _aSección de documentos.
_aSerie 4ª, Novela ;
_v9 / Facultad de Filosofía y Letras de la Universidad de Buenos Aires, Instituto de Literatura Argentina
700 1 _aBinayán, Narciso.
_9152219
710 2 _aUniversidad de Buenos Aires.
_bInstituto de Literatura Argentina.
_9139614
830 0 _aSección de documentos.
_aSerie 4ª, Novela ;
_v9 / Facultad de Filosofía y Letras de la Universidad de Buenos Aires, Instituto de Literatura Argentina
_9188965
852 _aES-MaACL
_jC-6632(6)
_z- Enc. en un vol. facticio
999 _c170641
_d170641